| 000 | nam a22 7a 4500 | ||
|---|---|---|---|
| 999 |
_c30378 _d30378 |
||
| 008 | 190520b xxu||||| |||| 00| 0 eng d | ||
| 020 | _a9966214445 | ||
| 040 | _amksu | ||
| 050 |
_aBX 4705 _b.K65 1991 |
||
| 100 | _aFeldmann, Christian | ||
| 245 |
_aAdolph Kolping, towards a Christian society / _c Christian Feldmann. |
||
| 260 |
_aNairobi,Kenya : _bPaulines Publications Africa, _c1999. |
||
| 300 |
_a112p. ; _c21cm. |
||
| 650 | _aCatholic Church. | ||
| 650 | _aKolping, Adolf, 1813-1865. | ||
| 650 | _aClergy. | ||
| 650 | _aGermany. | ||
| 942 |
_2lcc _cBOOKS _hBX 4705 .K65 1991 |
||